| 000 | 00461nam a2200169Ia 4500 | ||
|---|---|---|---|
| 999 |
_c144 _d144 |
||
| 003 | OSt | ||
| 005 | 20201224130315.0 | ||
| 008 | 190216s9999||||xx |||||||||||||| ||und|| | ||
| 040 | _coclc | ||
| 082 |
_a297.1243 _bMUS/S |
||
| 100 |
_aMuslim, Imam _97827 |
||
| 245 | 0 |
_aSahih Muslim / _cImam Muslim |
|
| 260 |
_bKitab Bhavan, _c1977. _aNew Delhi: |
||
| 300 | _a790p | ||
| 650 | _aArabic | ||
| 942 |
_cBK _2ddc _h297.1243 _iMUS/S _k297.1243 _mMUS/S |
||